000 00452nam a2200181Ia 4500
001 8285
005 20260306160558.0
008 260306t2017||||xx |||||||||||||| ||spa||
041 _aESP
082 _a370.1523
_bM86
100 _aMora, Francisco
_eAUT
245 0 _aNeuroeducación:
_bsolo se puede aprender aquello que se ama
260 _c2017
300 _a245 pƔginas :
_c23 cm.
650 _aGEN
654 _aCED
942 _cLIB
_dJUS
_fJUS
_2ddc
_n
999 _c8285
_d8285